000 00184 a2200097 4500
020 _a8426116876
041 _aspa
100 _aHefter, Richard
245 _aCabezas y pies
942 _cBK
999 _c31915
_d31913